000
00335 a2200157 4500
001
48130
020
_a
9781405495356
040
_c
Anchieta - Aquarius
100
_a
Shoshan, Beth
240
1
0
_a
Cuddle!
_l
por
245
1
0
_a
Cuddle!
300
_a
25
362
0
_a
2010
650
4
_a
Literatura infanto-juvenil em inglês
942
_c
BK
999
_c
48130
_d
48130